| 000 | 01971cam a22005174i 4500 | ||
|---|---|---|---|
| 003 | PE-LiUPU | ||
| 005 | 20250731184531.0 | ||
| 008 | 150623s r 000 0 d | ||
| 020 | _a0814730388 | ||
| 035 | _a(Sirsi) i9780814730386 | ||
| 040 |
_aPE-LiUPU _bspa _cPE-LiUPU _erda |
||
| 049 | _aPRUA | ||
| 082 | 0 | 4 |
_a956.94 _bE36 _221 |
| 245 | 0 | 0 |
_aEssential papers on Israel and the ancient near east / _ceditado por Frederick E. Greenspahn. |
| 264 | 1 |
_aNew York, NY : _bNew York University Press, _c1991. |
|
| 300 |
_a464 páginas ; _c23 centímetros |
||
| 336 |
_atext _2rdacontent |
||
| 337 |
_aunmediated _2rdamedia |
||
| 338 |
_avolume _2rdacarrier |
||
| 490 | 0 | _aEssential Papers on Jewish Studies | |
| 504 | _aBibliografía al final de cada capítulo. | ||
| 505 | 0 | _aSimilarities between israel and the ancient near east.- Israel draws on its environment.- Common themes and motifs.- "Foreign" elements in anciernt Israel.- Biblical differences fron the ancient near east.- The importance of context. | |
| 526 | _aP136 | ||
| 526 | _aP135 | ||
| 526 | _aP134 | ||
| 526 | _aP133 | ||
| 526 | _aP144 | ||
| 526 | _aP143 | ||
| 526 | _aP87 | ||
| 526 | _aP35 | ||
| 526 | _aP20 | ||
| 526 | _aP14 | ||
| 526 | _aP10 | ||
| 526 | _aP06 | ||
| 630 |
_aBiblia. _pA.T. _xEstudios comparativos. |
||
| 630 |
_aBiblia. _pAT. _xCrítica, interpretación, etc. |
||
| 650 | 0 | 4 |
_aLiteratura oriental _xRelación con el Antiguo Testamento. |
| 650 | 0 | 4 |
_aOriente cercano _xCivilización _yA 622. |
| 700 | 1 |
_aGreenspahn, Frederick E., _eed. |
|
| 942 |
_2ddc _cBOOK |
||
| 949 |
_a956.94 E36 _wDEWEY _c1 _i45653 _lCCODEBUL1 _mBUL _r0 _sY _tBOOK _u2015-6-24 _xTEOLOGIA _PP35 _0COMPRA _o.STAFF. Colección General |
||
| 994 |
_aC0 _bPEPRU |
||
| 596 | _a1 | ||
| 999 |
_a956.94 E36 _wDEWEY _c22529 _i45653 _f2021-11-12 _g5 _lCCODEBUL1 _mBUL _r0 _sY _tBOOK _u2015-6-24 _xTEOLOGIA _PP35 _0COMPRA _o.STAFF. Colección General _d22529 |
||
| 980 |
_81 _gALBERTO SANCHEZ Responsable de Automatización |
||